[Event "Imperia op 25th"]
[Site "Imperia"]
[Date "1983.09.11"]
[Round "8"]
[White "Hagenbichler, Otto"]
[Black "Faccia, Sergio"]
[Result "0-1"]
[WhiteElo "2200"]
[BlackElo "1916"]
[PlyCount "90"]
[EventDate "1983.09.03"]
[EventType "swiss"]
[EventRounds "9"]
[EventCountry "ITA"]
[SourceTitle "EXT 2023"]
[Source "ChessBase"]
[SourceDate "2022.10.05"]
[SourceVersion "1"]
[SourceVersionDate "2022.10.05"]
[SourceQuality "1"]

1. d4 d5 2. c4 e6 3. Nc3 Nf6 4. Bg5 Be7 5. e3 h6 6. Bh4 Nbd7 7. Nf3 b6 8. cxd5 exd5 9. Rc1 Bb7 10. Bd3 0-0 11. 0-0 c5 12. Qe2 c4 13. Bb1 a6 14. a4 Re8 15. Rfd1 Bb4 16. Qc2 Bxc3 17. bxc3 g5 18. Bg3 Ne4 19. Ne5 f6 20. Ng4 h5 21. Nh6+ Kh7 22. Nf5 h4 23. Bd6 Kh8 24. Ba3 g4 25. Nh6 Kg7 26. Nxg4 f5 27. Ne5 Nxe5 28. dxe5 Qg5 29. Qe2 h3 30. f3 Nc5 31. Bxc5 bxc5 32. g3 Qh5 33. Qf2 Rxe5 34. Rd2 Rae8 35. e4 fxe4 36. fxe4 dxe4 37. Rf1 Qf3 38. Rd7+ R8e7 39. Rxe7+ Rxe7 40. Qxf3 exf3 41. Bf5 Re3 42. Bxh3 Rxc3 43. Rd1 Rd3 44. Rc1 c3 45. Bf1 Rd2 0-1

[Event "Imperia op 25th"]
[Site "Imperia"]
[Date "1983.09.08"]
[Round "6"]
[White "Hagenbichler, Otto"]
[Black "Cugini, Verter"]
[Result "0-1"]
[WhiteElo "2200"]
[BlackElo "2183"]
[PlyCount "172"]
[EventDate "1983.09.03"]
[EventType "swiss"]
[EventRounds "9"]
[EventCountry "ITA"]
[SourceTitle "EXT 2023"]
[Source "ChessBase"]
[SourceDate "2022.10.05"]
[SourceVersion "1"]
[SourceVersionDate "2022.10.05"]
[SourceQuality "1"]

1. d4 c5 2. Nf3 cxd4 3. Nxd4 Nf6 4. c4 g6 5. g3 Bg7 6. Bg2 0-0 7. 0-0 Nc6 8. Nc3 a6 9. Nc2 d6 10. b3 Be6 11. Bb2 Qd7 12. Re1 Bh3 13. Bh1 Ng4 14. Rb1 Qf5 15. Bf3 Nce5 16. Nd5 Rae8 17. Nce3 Nxe3 18. Nxe3 Nxf3+ 19. exf3 Qa5 20. Bxg7 Kxg7 21. Qd4+ f6 22. Nd5 e5 23. Qb6 Qxb6 24. Nxb6 Rd8 25. Rbd1 Kf7 26. Rd2 Be6 27. Red1 Ke7 28. Kf1 h5 29. Ke2 g5 30. Ke3 Rg8 31. a4 g4 32. f4 Rh8 33. a5 h4 34. Na4 hxg3 35. hxg3 exf4+ 36. Kxf4 Rh5 37. Nc3 Rxa5 38. Rh1 Rf5+ 39. Ke4 Re5+ 40. Kd4 Rf8 41. Rdd1 Rf7 42. Rh8 Kd7 43. Rdh1 Rf5 44. Ne4 Rf3 45. c5 Rxb3 46. Nxd6 Re7 47. Rc8 b6 48. Rhh8 bxc5+ 49. Kxc5 Rc3+ 50. Kd4 Rxc8 51. Nxc8 Rf7 52. Kc5 Kc7 53. Nd6 Re7 54. Ne8+ Kd7 55. Nxf6+ Kc7 56. Ne8+ Kd7 57. Nf6+ Kc7 58. Rf8 a5 59. Ra8 Kb7 60. Rf8 Rc7+ 61. Kb5 Rc2 62. Ne4 Bd7+ 63. Kxa5 Ra2+ 64. Kb4 Ra4+ 65. Kc5 Rxe4 66. Kd6 Rd4+ 67. Ke5 Rd3 68. Rf7 Kc8 69. Ke4 Ra3 70. Kd5 Kd8 71. Ke5 Ke8 72. Rf6 Ke7 73. Rb6 Rf3 74. Rb2 Rf5+ 75. Ke4 Rf3 76. Ke5 Rc3 77. Rd2 Bc6 78. Ra2 Rc5+ 79. Kf4 Bf3 80. Rd2 Ke6 81. Ra2 Rc3 82. Rd2 Rb3 83. Kg5 Ke5 84. Kh4 Kf5 85. Ra2 Rb8 86. Ra5+ Ke4 0-1

[Event "Imperia op 25th"]
[Site "Imperia"]
[Date "1983.09.04"]
[Round "2"]
[White "Hagenbichler, Otto"]
[Black "Agnelli, Francesco"]
[Result "1-0"]
[WhiteElo "2200"]
[BlackElo "1919"]
[PlyCount "139"]
[EventDate "1983.09.03"]
[EventType "swiss"]
[EventRounds "9"]
[EventCountry "ITA"]
[SourceTitle "EXT 2023"]
[Source "ChessBase"]
[SourceDate "2022.10.05"]
[SourceVersion "1"]
[SourceVersionDate "2022.10.05"]
[SourceQuality "1"]

1. d4 g6 2. c4 Bg7 3. Nc3 d6 4. e4 Nc6 5. Be3 e5 6. Nge2 Nh6 7. f3 f5 8. Qd2 Nf7 9. d5 Ne7 10. 0-0-0 0-0 11. Kb1 a6 12. Nc1 b6 13. b4 a5 14. a3 axb4 15. axb4 fxe4 16. fxe4 Bg4 17. Be2 Bxe2 18. N1xe2 Kh8 19. Kb2 Ng8 20. Ra1 Qh4 21. Rxa8 Rxa8 22. h3 Nf6 23. g3 Qh5 24. g4 Nxg4 25. Ng3 Nxe3 26. Qxe3 Qh4 27. Qf3 Qf4 28. Rf1 Kg8 29. Nge2 Qd2+ 30. Kb3 Ng5 31. Qg2 Rf8 32. Rxf8+ Bxf8 33. h4 Nf7 34. Qg4 Be7 35. h5 Qg5 36. Qc8+ Bd8 37. hxg6 hxg6 38. Nb5 Qe7 39. Na7 Kg7 40. Nc6 Qf6 41. Qd7 Qf3+ 42. Nc3 Bh4 43. Na7 g5 44. Qxc7 Be1 45. Nab5 g4 46. Qxb6 g3 47. c5 g2 48. c6 Bf2 49. Qb7 g1Q 50. c7 Qb1+ 51. Ka4 Qa1+ 52. Kb3 Qb1+ 53. Ka4 Qc2+ 54. Ka5 Qh1 55. Na4 Qa1 56. Nbc3 Qcxc3 57. c8Q Qxc8 58. Qxc8 Qd1 59. Qf5 Qd2 60. Qg4+ Qg5 61. Qd7 Qf4 62. Nc3 Be1 63. Nb5 Qxe4 64. Qxf7+ Kxf7 65. Nxd6+ Ke7 66. Nxe4 Kd7 67. Kb5 Bh4 68. Kc5 Bd8 69. b5 Bh4 70. d6 1-0

[Event "Imperia op 25th"]
[Site "Imperia"]
[Date "1983.09.03"]
[Round "1.29"]
[White "Ponzetto, Giuseppe"]
[Black "Hagenbichler, Otto"]
[Result "0-1"]
[WhiteElo "1914"]
[BlackElo "2200"]
[PlyCount "116"]
[EventDate "1983.09.03"]
[EventType "swiss"]
[EventRounds "9"]
[EventCountry "ITA"]
[SourceTitle "EXT 2023"]
[Source "ChessBase"]
[SourceDate "2022.10.05"]
[SourceVersion "1"]
[SourceVersionDate "2022.10.05"]
[SourceQuality "1"]

1. d4 Nf6 2. Nf3 b6 3. g3 Bb7 4. Bg2 e6 5. 0-0 Be7 6. c4 0-0 7. Nc3 Ne4 8. Qc2 Nxc3 9. Qxc3 d6 10. Be3 Nd7 11. Ne1 Bxg2 12. Nxg2 e5 13. Rad1 Qe8 14. dxe5 dxe5 15. b4 f5 16. c5 bxc5 17. Bxc5 Bxc5 18. bxc5 Qe7 19. Rd5 Rae8 20. c6 Nb6 21. Ra5 Nc8 22. Rd1 Rd8 23. Rxd8 Qxd8 24. Ne3 f4 25. Rd5 Qf6 26. Ng4 Qe6 27. Qb3 fxg3 28. hxg3 Ne7 29. Rxe5 Qxb3 30. axb3 Nxc6 31. Rc5 Nd4 32. Rxc7 Nxe2+ 33. Kg2 a5 34. Rc5 Ra8 35. Rc4 Rd8 36. Kf1 Nd4 37. Rc3 Rb8 38. Rc5 Nxb3 39. Rc7 Ra8 40. Ne3 a4 41. Nc2 a3 42. Rc3 Nd2+ 43. Ke2 Nb1 44. Rb3 a2 45. Na1 Rd8 46. f4 h5 47. f5 Kf7 48. Ke3 Kf6 49. Rb2 Ra8 50. Rb6+ Kxf5 51. Rb5+ Kg4 52. Kf2 Rd8 53. Rb4+ Kg5 54. Rb5+ Kh6 55. Rb6+ g6 56. Ra6 Nc3 57. Ra3 Rd3 58. Kg2 Rd2+ 0-1